10+ Netherlands Caps Since 2000 - Statistics

General Stats
  • This quiz has been taken 190 times
  • The average score is 52 of 100
Answer Stats
Debut Last Most Apps For Pos Player Cps Gls % Correct
2015 Liverpool CB Virgil van Dijk 67 8
100%
2005 2017 Arsenal ST Robin van Persie 102 50
99%
2003 2017 Bayern Munich RW Arjen Robben 96 37
98%
2018 Barcelona CM Frenkie de Jong 54 2
97%
2011 2022 PSV ST Luuk de Jong 39 8
97%
2004 2015 Manchester City DM Nigel de Jong 81 1
97%
2003 2018 Ajax AM Wesley Sneijder 134 31
96%
1995 2008 Ajax GK Edwin van der Sar 87
94%
2011 Liverpool CM Georginio Wijnaldum 92 28
94%
2017 Juventus CB Matthijs de Ligt 45 2
93%
1998 2011 Manchester United ST Ruud van Nistelrooy 61 34
93%
2004 2014 Liverpool RW Dirk Kuyt 104 24
92%
2006 2015 Ajax ST Klaas-Jan Huntelaar 76 42
92%
2001 2013 Hamburg AM Rafael van der Vaart 109 25
91%
2013 Lyon LW Memphis Depay 91 45
90%
2017 Manchester City CB Nathan Aké 44 5
89%
2013 Ajax GK Jasper Cillessen 65
87%
2018 Inter Milan RB Denzel Dumfries 52 6
86%
2013 Ajax CB Daley Blind 107 3
85%
2012 Inter Milan CB Stefan de Vrij 63 3
85%
2021 PSV LW Cody Gakpo 23 9
79%
1996 2010 Feyenoord LB Giovanni van Bronckhorst 92 5
79%
1996 2004 Manchester United CB Jaap Stam 39
79%
1994 2008 Milan CM Clarence Seedorf 42 4
77%
2005 2021 Liverpool LW Ryan Babel 69 10
77%
1994 2004 Barcelona ST Patrick Kluivert 44 23
76%
2004 2021 Ajax GK Maarten Stekelenburg 63
75%
2000 2012 PSV DM Mark van Bommel 79 10
75%
1994 2005 Juventus CM Edgar Davids 48 2
74%
2018 Wolfsburg ST Wout Weghorst 32 10
74%
1996 2005 Bayern Munich ST Roy Makaay 41 6
73%
2011 2021 Newcastle United GK Tim Krul 15
68%
2011 2019 Roma CM Kevin Strootman 46 3
66%
2016 Atalanta DM Marten de Roon 42 1
64%
2004 2013 Ajax CB John Heitinga 87 7
63%
1996 2006 Barcelona DM Phillip Cocu 64 6
63%
2018 PSV LW Steven Bergwijn 33 8
63%
2017 2021 Ajax CM Donny van de Beek 19 3
62%
1990 2004 Ajax CB Frank de Boer 40 7
57%
2014 2021 Spartak Moscow LW Quincy Promes 50 7
57%
1993 2003 Ajax ST Ronald de Boer 11 1
57%
2014 Ajax CM Davy Klaassen 41 10
56%
2004 2012 Hamburg CB Joris Mathijsen 84 3
56%
2021 Club Brugge LW Noa Lang 10 2
56%
1993 2004 Ajax LW Marc Overmars 34 7
55%
2020 AZ Alkmaar DM Teun Koopmeiners 21 2
55%
1998 2002 Chelsea ST Jimmy Floyd Hasselbaink 17 7
54%
2021 Ajax CM Ryan Gravenberch 12 1
53%
2016 Feyenoord RW Steven Berghuis 46 2
53%
2022 PSV LW Xavi Simons 13
52%
2015 2018 Sporting CP ST Bas Dost 18 1
51%
2009 2015 Ajax RB Gregory van der Wiel 46
51%
2019 PSV ST Donyell Malen 31 6
48%
2007 2016 PSV AM Ibrahim Afellay 53 7
47%
2013 2021 Crystal Palace LB Patrick van Aanholt 19
47%
2004 2012 Stuttgart CB Khalid Boulahrouz 35
45%
2021 Ajax CB Jurriën Timber 15
44%
2005 2014 Feyenoord CB Ron Vlaar 32 1
44%
1997 2004 PSV LM Boudewijn Zenden 37 5
43%
2012 Stoke City CB Bruno Martins Indi 36 2
43%
2016 2022 Monterrey ST Vincent Janssen 22 7
42%
2013 2021 Ajax CB Joël Veltman 28 2
38%
1994 2004 Barcelona RB Michael Reiziger 34
38%
2018 Atalanta RM Hans Hateboer 13
36%
2010 2016 PSV CB Jeffrey Bruma 25 1
35%
2015 2021 Fulham RB Kenny Tete 14
34%
2012 2016 PSV LB Jetro Willems 22
33%
2008 2014 Utrecht GK Michel Vorm 15
33%
1999 2010 PSV CB André Ooijer 53 3
31%
2010 2014 Stoke City LB Erik Pieters 18
31%
2009 2018 Başakşehir LW Eljero Elia 30 2
30%
2000 2009 PSV ST Jan Vennegoor of Hesselink 19 3
30%
1994 2004 Feyenoord ST Pierre van Hooijdonk 29 7
29%
2012 2016 Feyenoord DM Jordy Clasie 17
26%
2000 2012 PSV CB Wilfred Bouma 37 1
26%
2010 2014 Feyenoord CM Leroy Fer 11 1
25%
2013 2018 PSV GK Jeroen Zoet 11
22%
2013 2015 Feyenoord CM Jonathan de Guzmán 14
22%
2012 2018 Heerenveen RB Daryl Janmaat 33
21%
2000 2008 Chelsea RB Mario Melchiot 22
21%
2020 AZ Alkmaar LB Owen Wijndal 11
21%
2007 2010 AZ Alkmaar DM Demy de Zeeuw 27
20%
2012 2016 PSV RW Luciano Narsingh 19 4
18%
2005 2011 Valencia DM Hedwiges Maduro 18
17%
2010 2017 PSV RW Jeremain Lens 34 8
17%
2007 2010 PSV DM Orlando Engelaar 14
16%
1992 2002 PSV LB Arthur Numan 10
15%
2009 2011 Twente LB Edson Braafheid 10
15%
2005 2008 AZ Alkmaar LB Tim de Cler 17
15%
2016 2018 Feyenoord CM Tonny Vilhena 15
15%
2002 2004 Ajax RW Andy van der Meyde 17 1
14%
2001 2008 Willem II CM Denny Landzaat 38 1
14%
2006 2012 Ajax LB Urby Emanuelson 17
14%
2015 2019 Vitesse CM Davy Pröpper 19 3
13%
2000 2003 Rangers RB Fernando Ricksen 12
13%
2006 2016 AZ Alkmaar DM Stijn Schaars 24
13%
2004 2006 AZ Alkmaar RB Jan Kromkamp 11
12%
2000 2004 Feyenoord DM Paul Bosvelt 24
10%
2006 2007 AZ Alkmaar CB Kew Jaliens 10
7%
2004 2007 Feyenoord RW Romeo Castelen 10 1
3%
No matching quizzes found
Score Distribution
Percent of People with Each Score
Percentile by Number Answered
Your Score History
You have not taken this quiz